<?xml version="1.0" encoding="UTF-8"?>
<record
    xmlns:xsi="http://www.w3.org/2001/XMLSchema-instance"
    xsi:schemaLocation="http://www.loc.gov/MARC21/slim http://www.loc.gov/standards/marcxml/schema/MARC21slim.xsd"
    xmlns="http://www.loc.gov/MARC21/slim">

  <leader>00760nam2a22002171  4500</leader>
  <controlfield tag="001">RU\NLR\A1SV\43623</controlfield>
  <controlfield tag="005">20260327103452.0</controlfield>
  <datafield tag="035" ind1=" " ind2=" ">
    <subfield code="a">(NLR Aleph) 009725809</subfield>
  </datafield>
  <datafield tag="090" ind1=" " ind2=" ">
    <subfield code="a">13480138</subfield>
    <subfield code="c">13480138</subfield>
  </datafield>
  <datafield tag="100" ind1=" " ind2=" ">
    <subfield code="a">20020815d1927    u  y0rusy50      ca</subfield>
  </datafield>
  <datafield tag="101" ind1="1" ind2=" ">
    <subfield code="a">rus</subfield>
    <subfield code="c">fre</subfield>
  </datafield>
  <datafield tag="200" ind1="1" ind2=" ">
    <subfield code="a">&#x41F;&#x43E;&#x434;&#x437;&#x435;&#x43C;&#x435;&#x43B;&#x44C;&#x44F; &#x412;&#x430;&#x442;&#x438;&#x43A;&#x430;&#x43D;&#x430;</subfield>
    <subfield code="d">(Les caves du Vatican)</subfield>
    <subfield code="e">&#x41D;&#x435;&#x431;&#x44B;&#x43B;&#x438;&#x446;&#x430;</subfield>
    <subfield code="f">&#x41F;&#x435;&#x440;. &#x41C;.&#x41B;&#x43E;&#x437;&#x438;&#x43D;&#x441;&#x43A;&#x43E;&#x433;&#x43E;</subfield>
  </datafield>
  <datafield tag="210" ind1=" " ind2=" ">
    <subfield code="d">1927</subfield>
  </datafield>
  <datafield tag="215" ind1=" " ind2=" ">
    <subfield code="a">316, [1] &#x441;., 1 &#x43B;. &#x444;&#x440;&#x43E;&#x43D;&#x442;. (&#x438;&#x43B;.)</subfield>
  </datafield>
  <datafield tag="461" ind1=" " ind2="1">
    <subfield code="1">001RU\NLR\A1SV\43621</subfield>
    <subfield code="1">2000#$v4.</subfield>
    <subfield code="9">9890304</subfield>
    <subfield code="a">&#x416;&#x438;&#x434;, &#x410;. (1869-1951)</subfield>
    <subfield code="c">&#x41B;.</subfield>
    <subfield code="d">1926-1927</subfield>
    <subfield code="f">&#x410;&#x43D;&#x434;&#x440;&#x435; &#x416;&#x438;&#x434;</subfield>
    <subfield code="n">Academia</subfield>
    <subfield code="t">&#x421;&#x43E;&#x431;&#x440;&#x430;&#x43D;&#x438;&#x435; &#x441;&#x43E;&#x447;&#x438;&#x43D;&#x435;&#x43D;&#x438;&#x439;</subfield>
    <subfield code="v">4.</subfield>
  </datafield>
  <datafield tag="801" ind1=" " ind2="0">
    <subfield code="a">RU</subfield>
    <subfield code="b">NLR</subfield>
    <subfield code="c">20020815</subfield>
  </datafield>
  <datafield tag="852" ind1=" " ind2=" ">
    <subfield code="a">NLR</subfield>
    <subfield code="j">49/480(4)</subfield>
  </datafield>
  <datafield tag="942" ind1=" " ind2=" ">
    <subfield code="c">BOOK</subfield>
  </datafield>
  <datafield tag="980" ind1=" " ind2=" ">
    <subfield code="a">A1SV</subfield>
  </datafield>
  <datafield tag="980" ind1=" " ind2=" ">
    <subfield code="a">NB</subfield>
  </datafield>
</record>
